000 01845cam a22004094i 4500
003 PE-LiUPU
005 20250731173141.0
008 150623s r 000 0 d
035 _a(Sirsi) a27382
040 _aPE-LiUPU
_bspa
_cPE-LiUPU
_erda
082 0 4 _a231.74
_bD97
_221
100 1 _aDulles, Avery Robert,
_d1918-,
_eautor.
245 1 0 _aModels of revelation /
_cAvery Robert Dulles.
264 1 _aGarden City, New York :
_bImage Books,
_c1985.
300 _a344 páginas ;
_c21 cm.
336 _atext
_2rdacontent
337 _aunmediated
_2rdamedia
338 _avolume
_2rdacarrier
505 0 _aThe problem of revelation. The use of models in revelation theology. Model one: revelation as doctrine. Model two: revelation as history. Model three: revelation as inner experience. Model four: revelation as dialectical presence. Model five: revelation as new awareness. The models compared. Symbolic mediation. Christ the summit of revelation. Revelation and the religions. The bible: document of revelation. The church: bearer of revelation. Revelation and eschatology. The acceptance of revelation. Revelation at its present value.
526 _aSEG42
526 _aSEG41
526 _aSEG40
526 _aSEG39
526 _aP94
526 _aP87
526 _aP86
526 _aP85
526 _aP77
526 _aP76
526 _aP35
650 0 4 _aRevelation
_xEstudio comparativo.
942 _2ddc
_cBOOK
949 _a231.74 D97
_wDEWEY
_c1
_i52663
_lCCODEBUL1
_mBUL
_p05.00
_r0
_sY
_tBOOK
_u2015-06-24
_xTEOLOGIA
_PP35
_0COMPRA
_o.STAFF. Colección General
596 _a1
999 _a231.74 D97
_wDEWEY
_c34516
_i52663
_d34516
_f2021-11-9
_g5
_lCCODEBUL1
_mBUL
_p5.00
_q1
_r0
_sY
_tBOOK
_u2015-6-24
_xTEOLOGIA
_PP35
_0COMPRA
_o.STAFF. Colección General
980 _81
_gALBERTO SANCHEZ Responsable de Automatización